| 000 | 01211cam a2200361 4500 | ||
|---|---|---|---|
| 999 |
_c24178 _d24178 |
||
| 001 | vtls012252960 | ||
| 005 | 20260506101507.0 | ||
| 008 | 240318s2024 xo g 010 f slo | ||
| 020 |
_a9788022024747 _q(viazané) |
||
| 040 |
_aSNK _bslo _cSNK _erda |
||
| 041 | 1 |
_aslo _heng |
|
| 044 |
_axo _cSK |
||
| 072 | 7 |
_a821.111(73)-3 _xAmerická próza _2konspekt |
|
| 080 |
_a821-311.6 _22011 |
||
| 080 |
_a821.111(73)-31 _22011 |
||
| 100 | 1 |
_aBiller, Diana _4aut _95515 |
|
| 240 | 1 | 4 |
_aThe Widow of Rose House _lSlovensky |
| 245 | 1 | 0 |
_aDom druhých šancí _cDiana Biller ; z anglického originálu The Widow of Rose House ... preložila Beata Horná |
| 250 | _aPrvé vydanie | ||
| 264 | 1 |
_aBratislava _bSlovenský spisovateľ _c2024 |
|
| 300 |
_a367 strán _c21 cm |
||
| 336 |
_atext _btxt _2rdacontent |
||
| 337 |
_abez média _bn _2rdamedia |
||
| 338 |
_azväzok _bnc _2rdacarrier |
||
| 655 | 7 |
_aamerické romány _2SNKPH _92 |
|
| 655 | 7 |
_ahistorické romány _2SNKPH _91688 |
|
| 655 | 7 |
_aAmerican novels _2SNKPHeng _91670 |
|
| 655 | 7 |
_aHistorical novels _2SNKPHeng _91689 |
|
| 700 | 1 |
_aHorná, Beata _c(prekladateľka) _4trl _92113 |
|
| 958 | _aLX | ||
| 958 | _aUP | ||